Sue likes blue / (Record no. 103642)
[ view plain ]
| 000 -LEADER | |
|---|---|
| fixed length control field | 00559nam a2200181 a 4500 |
| 005 - DATE AND TIME OF LATEST TRANSACTION | |
| control field | 20140412111305.0 |
| 008 - FIXED-LENGTH DATA ELEMENTS--GENERAL INFORMATION | |
| fixed length control field | 010502s19uu xx 00 eng d |
| 020 ## - INTERNATIONAL STANDARD BOOK NUMBER | |
| International Standard Book Number | 0-88743-409-6 |
| 050 ## - LIBRARY OF CONGRESS CALL NUMBER | |
| Classification number | TR(PS E |
| Item number | Su1 1992 |
| 100 ## - MAIN ENTRY--PERSONAL NAME | |
| Personal name | Gregorich, Barbara |
| 245 ## - TITLE STATEMENT | |
| Title | Sue likes blue / |
| Statement of responsibility, etc | written by Barbara Gregorich; illustrated by Joyce John. |
| 260 ## - PUBLICATION, DISTRIBUTION, ETC. (IMPRINT) | |
| Place of publication, distribution, etc | Grand Haven, MI : |
| Name of publisher, distributor, etc | School Zone Publishing Company, |
| Date of publication, distribution, etc | 1992. |
| 300 ## - PHYSICAL DESCRIPTION | |
| Extent | 30p. ; ill. |
| 440 ## - SERIES STATEMENT/ADDED ENTRY--TITLE | |
| Title | School Zone Start to Read Book |
| 650 ## - SUBJECT ADDED ENTRY--TOPICAL TERM | |
| Topical term or geographic name as entry element | Reading |
| 650 ## - SUBJECT ADDED ENTRY--TOPICAL TERM | |
| Topical term or geographic name as entry element | Children's stories |
| Withdrawn status | Lost status | Damaged status | Home library | Current library | Shelving location | Date acquired | Source of acquisition | Cost, normal purchase price | Total Checkouts | Full call number | Barcode | Date last seen | Price effective from | Koha item type |
|---|---|---|---|---|---|---|---|---|---|---|---|---|---|---|
| Elizalde Library | Elizalde Library | Teachers Reference Section | 05/02/2001 | 29.75 | TR(PS E Su1 1992 | E5657 | 04/12/2014 | 04/12/2014 | Books |